00521nam a2200181Ia 450000500170000000800410001702000150005808200130007310000250008624500260011125000080013726000410014530000130018650000260019994200060022595200950023199900130032620250516024538.0240331s9999 xx 000 0 und d a9552101387 a294bWAL aWalpola, Rahula Himi 0aBudun wadala dharmaya a7th aNugegodabM. D. Gunadena Booksc1993 a144 p ., aBuddhism & righteous cL 001040708LaWERCLbWERCLcSSCd2024-03-31l0o 294 WALp3362r2024-03-31w2024-03-31yL c910d910